U-Bahn Frankfurt am Main - Statistiken

Allgemein
  • Dieses Quiz wurde 565 mal gespielt
  • Das Durchschnittsergebnis liegt bei 80 aus 164
Antwortstatistiken
Antwort % Korrekt
Hauptbahnhof
90%
Hauptwache
89%
Konstablerwache
86%
Südbahnhof
83%
Willy-Brandt-Platz
78%
Dom/Römer
76%
Bockenheimer Warte
68%
Zoo
68%
Schweizer Platz
67%
Ginnheim
66%
Bornheim Seckbacher Landstraße
61%
Festhalle/Messe
61%
Ostbahnhof
61%
Enkheim
60%
Alte Oper
59%
Dornbusch
59%
Hausen
58%
Riedberg
58%
Eschenheimer Tor
57%
Heddernheim
57%
Oberursel Bahnhof
56%
Holzhausenstraße
53%
Weißer Stein
52%
Nordwestzentrum
51%
Preungesheim
51%
Westend
51%
Eissporthalle/Festplatz
50%
Grüneburgweg
50%
Praunheim Heerstraße
50%
Bornheim Mitte
47%
Bad Homburg-Gonzenheim
46%
Leipziger Straße
46%
Nieder-Eschbach
46%
Miquelallee/Adickesallee
45%
Merianplatz
44%
Oberursel-Hohemark
43%
Fritz-Tarnow-Straße
42%
Hessen-Center
42%
Hügelstraße
41%
Deutsche Nationalbibliothek
40%
Johanna-Tesch-Platz
40%
Kalbach
40%
Niederursel
40%
Musterschule
39%
Höhenstraße
38%
Industriehof
38%
Zeilweg
38%
Kirchplatz
37%
Hauptfriedhof
36%
Gwinnerstraße
35%
Lindenbaum
35%
Römerstadt
35%
Niddapark
34%
Parlamentsplatz
32%
Uni Campus Riedberg
32%
Habsburgerallee
31%
Ober-Eschbach
31%
Riedwiese/Mertonviertel
31%
Fischstein
30%
Bonames Mitte
29%
Heddernheimer Landstraße
29%
Glauburgstraße
28%
Marbachweg/Sozialzentrum
28%
Schäfflestraße
28%
Sandelmühle
26%
Hausener Weg
25%
Kruppstraße
25%
Wiesenau
25%
Oberursel Altstadt
24%
Gießener Straße
23%
Bommersheim
22%
Sigmund-Freud-Straße
22%
Große Nelkenstraße
21%
Oberursel Stadtmitte
21%
Weißkirchen Ost
20%
Friedhof Westhausen
19%
Lahnstraße
19%
Kupferhammer
18%
Ronneburgstraße
18%
Rosengärtchen
18%
Waldlust
18%
Stephan-Heise-Straße
16%
Theobald-Ziegler-Straße
16%
Glöcknerwiese
15%
Keine übereinstimmenden Quizze gefunden
Verteilung der Resultate
Anzahl Personen mit jedem Resultat
Perzentil nach korrekt beantworteten Fragen
Ihre Resultats-Entwicklung
Sie haben dieses Quiz noch nicht gespielt